000 00364nam a2200145Ia 4500
008 210716s2012 xx 000 0 und d
020 _a9780198064640
041 _aeng
082 _a425 SEEJ
100 _aSeely, John.
245 _aOxford A-Z of grammar and punctuation.
250 _a1
260 _aNew Delhi
_bOxford University Press
_c2012
300 _a148
999 _c207264
_d207264